Modern architecture in Europe : a guide to buildings since the industrial revolution /

Bibliographic Details
Main Author: De Witt, Dennis J.
Other Authors: De Witt, Elizabeth R.
Format: Book
Language:English
Published: London : Weidenfeld and Nicolson, 1987.
Subjects:

MARC

Tag First Indicator Second Indicator Subfields
LEADER 00000cam a2200000 a 4500
001 in00000761913
005 20151017050755.0
008 871211s1987 enkabe 00110 eng d
020 |a 0297789406 
020 |a 0297789457 (pbk.) 
035 |a (OCoLC)17221508 
035 |9 ADK2436AM 
040 |a FLL  |c FLL  |d TXA  |d UtOrBLW 
049 |a TXAM  |c [A11757332] 
050 4 |a NA958  |b .D48 1987 
100 1 |a De Witt, Dennis J. 
245 1 0 |a Modern architecture in Europe :  |b a guide to buildings since the industrial revolution /  |c Dennis J. De Witt & Elizabeth R. De Witt. 
264 1 |a London :  |b Weidenfeld and Nicolson,  |c 1987. 
300 |a 335 pages :  |b illustrations, maps (some color), plans ;  |c 28 cm. 
336 |a text  |b txt  |2 rdacontent 
337 |a unmediated  |b n  |2 rdamedia 
338 |a volume  |b nc  |2 rdacarrier 
500 |a Includes indexes. 
650 0 |a Architecture  |z Europe  |x History  |y 20th century  |v Guidebooks. 
700 1 |a De Witt, Elizabeth R. 
999 |a MARS 
999 f f |s e7910268-15e8-3ecc-bd27-b3114c7f1839  |i 3115d49e-a5cb-3b63-ae83-b84520a4d6aa  |t 0 
952 f f |p ric  |a Texas A&M University  |b Rellis Campus  |c Joint Library Facility  |d Remote Storage  |t 0  |e NA958 .D48 1987  |h Library of Congress classification  |i unmediated -- volume  |m A14811757332 
998 f f |a NA958 .D48 1987  |t 0  |l Remote Storage